Jeden z Dziesięciu - trudne pytania #01 - Statystyki

Ogólne statystyki
  • Ten quiz został rozwiązany 41 razy
  • Średni wynik to 6 z 20
Statystyki odpowiedzi
Pytania Odpowiedź % Poprawnych
Ile pedałów ma harfa? siedem
71%
Ile oper skomponował Ludwig van Beethoven? Jedną (Fidelio)
61%
Który równoleżnik ma szerokość geograficzną 66°33'39"N? koło podbiegunowe północne
50%
Na potrzebę którego filmu Bill Medley i Jennifer Warnes wykonali piosenkę (I’ve Had) The Time of My Life? Dirty dancing
47%
Uczony przy pulpicie, Dziewczyna w ramie obrazu, Krajobraz z miłosiernym Samarytaninem to jedyne znajdujące się w Polsce obrazy jednego z europejskich mistrzów malarstwa. Którego? Rembrandta van Rijn
37%
Co po francusku oznacza wyrażenie tête-à-tête? twarzą w twarz
37%
Jak nazywają się pary liczb pierwszych różniących się od siebie o 2? liczby bliźniacze
34%
Jak nazywa się sygnet stosowany przez papieży od XIII wieku? Pierścień Rybaka
34%
Nazwa którego instrumentu muzycznego pada w tekście piosenki Maryli Rodowicz Jadą wozy kolorowe? skrzypce
32%
Jak nazywała się ostatnia część cyklu W poszukiwaniu straconego czasu Marcela Prousta? Czas odnaleziony
26%
Jak nazywa się najniższe miejsce wewnątrz kadłuba jednostki pływającej, gdzie gromadzą się nieczystości? zęza
26%
Jaki pseudonim przybrał XVIII-wieczny włoski awanturnik, Giuseppe Balsamo? Alessandro, hrabia di Cagliostro
24%
Jak nazywa się linia krzywa na powierzchni kuli, przecinająca wszystkie południki pod tym samym kątem? loksodroma
24%
Która z muz przedstawiana była bez atrybutów? Polihymnia
24%
Jak nazywał się żyjący w latach 1919 - 1999 polski kompozytor i dyrygent, założyciel, kierownik, a pośmiertnie - patron Zespołu Pieśni i Tańca "Śląsk"? Stanisław Hadyna
24%
Jak nazywał się marszałek, na którego cześć nazwano ulicę Marszałkowską w Warszawie? Franciszek Bieliński
21%
Którą sztukę Stanisława Wyspiańskiego wystawiali bohaterowie Aktorów prowincjonalnych Agnieszki Holland? Wyzwolenie
21%
Na jakim dystansie rozgrywa się angielska gonitwa Derby? 1,5 mili (2426 metrów)
18%
Jak nazywał się niemiecki wojskowy i dygnitarz, szef Abwehry, stracony za zdradę w 1945 roku? Wilhelm Canaris
18%
Jak nazywano chustę noszoną na szyi przez mężczyzn w XVIII i XIX wieku, poprzedniczkę krawatu? halsztuk
8%
Nie znaleziono quizów pasujących do podanych kryteriów
Rozkład punktacji
Procent ludzi z każdym wynikiem
Percentyl według liczby udzielonych odpowiedzi
Twoja historia wyników
Nie rozwiązałeś tego quizu